LEADER 02883oam 2200625I 450 001 9910777338803321 005 20230421041813.0 010 $a1-134-69381-8 010 $a1-280-42901-1 010 $a9786610429011 010 $a0-203-02291-2 024 7 $a10.4324/9780203022917 035 $a(CKB)1000000000000379 035 $a(EBL)165351 035 $a(OCoLC)437073684 035 $a(SSID)ssj0000096892 035 $a(PQKBManifestationID)11128048 035 $a(PQKBTitleCode)TC0000096892 035 $a(PQKBWorkID)10111841 035 $a(PQKB)11125214 035 $a(MiAaPQ)EBC165351 035 $a(Au-PeEL)EBL165351 035 $a(CaPaEBR)ebr5002857 035 $a(CaONFJC)MIL42901 035 $a(OCoLC)49701588 035 $a(EXLCZ)991000000000000379 100 $a20180331d1998 uy 0 101 0 $aeng 135 $aur|n|---||||| 181 $ctxt 182 $cc 183 $acr 200 04$aThe active consumer $enovelty and surprise in consumer choice /$fedited by Marina Bianchi 210 1$aLondon ;$aNew York :$cRoutledge,$d1998. 215 $a1 online resource (279 p.) 225 1 $aRoutledge frontiers of political economy 300 $aDescription based upon print version of record. 311 $a1-138-00714-5 311 $a0-415-17190-3 320 $aIncludes bibliographical references and index. 327 $aPreliminaries; CONTENTS; List of figures; List of tables; List of contributors; 1 Introduction; 2 Choice without utility?; 3 Economic change, choice and innovation in consumption; 4 Taste for novelty and novel tastes; 5 Cognition and innovation; 6 The organization of consumption; 7 Consumer goals as journeys into the unknown; 8 Work and the sirens of consumption in eighteenth-century London; 9 Silk purses out of sows' ears'; 10 Novelty, imitation and habit formation in a Scitovskian model of consumption; 11 Consumption in postmodernity; 12 On the consumption of signs; Index 330 $aThe Active Consumer discusses how consumers seem to delight in trying new solutions and exploring new combinatory possibilities. This book provides an economic-theoretical understanding of this phenomenon and the many ways in which innovation can structure consumer choice. The authors show from different points of view how central novelty can be in consumer behaviour, how it relates to technical change and how new consumer capabilities are developed and organized. 410 0$aRoutledge frontiers of political economy. 606 $aConsumption (Economics) 606 $aConsumer behavior 615 0$aConsumption (Economics) 615 0$aConsumer behavior. 676 $a658.8/342 701 $aBianchi$b Marina$049460 801 0$bFlBoTFG 801 1$bFlBoTFG 906 $aBOOK 912 $a9910777338803321 996 $aThe active consumer$93704706 997 $aUNINA LEADER 02758nam0 22005533i 450 001 LO11133941 005 20251003044214.0 010 $a9788808070371 100 $a20130827d2007 ||||0itac50 ba 101 | $aita 102 $ait 181 1$6z01$ai $bxxxe 182 1$6z01$an 183 1$6z01$anc$2RDAcarrier 200 1 $aStrutture dati e algoritmi in Java$fMichael T. Goodrich, Roberto Tamassia 205 $a1. ed. italiana condotta sulla 4. ed. americana 210 $aBologna$cZanichelli$d2007 215 $aXV, 624 p.$cill.$d27 cm. 500 10$aData structures & algorithms in Java.$3LO11133942$9RMSV028226$928445 606 $aMicroelaboratori elettronici$xLinguaggio Java$2FIR$3CFIC087633$9I 606 $aArchivi di dati$xStruttura$2FIR$3CFIC055195$9I 606 $aAlgoritmi$2FIR$3CFIC033498$9E 676 $a005.13$9LINGUAGGI DI PROGRAMMAZIONE$v14 676 $a005.133$9SPECIFICI LINGUAGGI DI PROGRAMMAZIONE$v21 676 $a005.133$9SPECIFICI LINGUAGGI DI PROGRAMMAZIONE$v22 696 $aBanche di dati$aData-base$aBanche dati$aFile di dati$aBasi dati$aArchivi dati$aData base$aArchivi elettronici di dati$aDB $aArchivi elettronici$aBasi di dati$aDatabase 699 $aArchivi di dati$yBanche di dati 699 $aArchivi di dati$yData-base 699 $aArchivi di dati$yBanche dati 699 $aArchivi di dati$yFile di dati 699 $aArchivi di dati$yBasi dati 699 $aArchivi di dati$yArchivi dati 699 $aArchivi di dati$yData base 699 $aArchivi di dati$yArchivi elettronici di dati 699 $aArchivi di dati$yDB 699 $aArchivi di dati$yArchivi elettronici 699 $aArchivi di dati$yBasi di dati 699 $aArchivi di dati$yDatabase 700 1$aGoodrich$b, Michael T.$3RMSV028226$4070$0305484 701 1$aTamassia$b, Roberto$3CFIV002780$4070$0305485 801 3$aIT$bIT-000000$c20130827 850 $aIT-BN0095 $aIT-NA0070 901 $bNAP 01$cSALA DING $n$ 901 $bNAP BU$c19 B $nPropedeutica. Formato cm. 20,1-28. 912 $aLO11133941 950 0$aBiblioteca Centralizzata di Ateneo$b1 v. (3. copia)$c1 v. in tre copie$d 01SALA DING 005.13 GOO.st$e 0102 0000097255 VMA A4 1 v.$fY $h20131017$i20131018$b1 v. (3. copia)$c1 v. in tre copie$d 01SALA DING 005.13 GOO.st$e 0102 0000097265 VMA A4(bis 1 v. (2. copia)$fY $h20131017$i20131018$b1 v. (3. copia)$c1 v. in tre copie$d 01SALA DING 005.13 GOO.st$e 0102 0000097275 VMA A4(ter 1 v. (3. copia)$fY $h20131017$i20131018 977 $a 01$a BU 996 $aData structures & algorithms in Java$928445 997 $aUNISANNIO